| 000 | 00688nam a22001577a 4500 | ||
|---|---|---|---|
| 003 | OSt | ||
| 005 | 20151008103709.0 | ||
| 008 | 151008b xxu||||| |||| 00| 0 eng d | ||
| 040 | _cRUA | ||
| 082 | _aAVM HOU 2006 B078 Or.1 | ||
| 100 |
_92346 _aHOUT, SOTHEA. |
||
| 245 | _aPre-weaning piglet care in yan sothy's farm at kandal stoeung dritrict, kandal province (ការថែទាំកូនជ្រូកមុនពេលផ្ដាច់ដោះនៅកសិដ្ឋានយ៉ានសុទ្ធីស្រុកកណ្ដាលស្ទឺងខេត្តកណ្ដាល) | ||
| 260 |
_aPhnom Penh _bRUA _c2006 |
||
| 300 |
_aix, 36p. _bill. _c29cm. |
||
| 942 |
_2ddc _cAVM |
||
| 999 |
_c2212 _d2212 |
||